[Event "Belgrade Trophy 27th"]
[Site "Obrenovac"]
[Date "2013.12.01"]
[Round "8"]
[White "Djalovic, Velizar"]
[Black "Cvetkovic, Srdjan"]
[Result "0-1"]
[WhiteElo "2113"]
[BlackElo "2368"]
[PlyCount "54"]
[EventDate "2013.11.24"]
[EventType "swiss"]
[EventRounds "9"]
[EventCountry "SRB"]
[SourceTitle "CBM 157 Extra"]
[Source "ChessBase"]
[SourceDate "2013.12.19"]
[SourceVersion "1"]
[SourceVersionDate "2013.12.19"]
[SourceQuality "1"]

1. e4 c5 2. Nc3 e6 3. g3 Nc6 4. Bg2 g6 5. Nge2 Bg7 6. d3 Nge7 7. f4 d6 8. 0-0 0-0 9. h3 Rb8 10. g4 f5 11. Ng3 Nd4 12. Nce2 b6 13. c3 Nxe2+ 14. Qxe2 Bb7 15. Bd2 Qd7 16. Rae1 Rf7 17. h4 d5 18. gxf5 gxf5 19. Rf2 Rd8 20. exf5 Nxf5 21. Nxf5 exf5 22. Bh3 d4 23. c4 Bf6 24. Qh5 Rg7+ 25. Kh2 Qf7 26. Qh6 Qg6 27. Qxg6 hxg6 0-1

[Event "Belgrade Trophy 26th"]
[Site "Belgrade"]
[Date "2012.11.28"]
[Round "5"]
[White "Nesovanovic, Miroslav"]
[Black "Djalovic, Velizar"]
[Result "0-1"]
[WhiteElo "1899"]
[BlackElo "2107"]
[PlyCount "98"]
[EventDate "2012.11.24"]
[EventType "swiss"]
[EventRounds "9"]
[EventCountry "SRB"]
[SourceTitle "CBM 151 Extra"]
[Source "ChessBase"]
[SourceDate "2012.12.18"]
[SourceVersion "1"]
[SourceVersionDate "2012.12.18"]
[SourceQuality "1"]

1. e4 c5 2. Nf3 Nc6 3. d4 cxd4 4. Nxd4 Nf6 5. Nc3 g6 6. Be3 Bg7 7. Be2 0-0 8. 0-0 d6 9. Nb3 h5 10. f3 h4 11. Qd2 Kh7 12. Kh1 b5 13. Nd1 Bb7 14. c4 b4 15. Nf2 a5 16. a4 Rc8 17. f4 Qc7 18. Bd3 Rcd8 19. Rac1 e6 20. Qe2 Kg8 21. Rc2 Nd7 22. c5 d5 23. e5 Ndb8 24. Bd4 Qc8 25. Rd1 Rd7 26. Nh3 Rc7 27. Rdc1 Ba6 28. Bb5 Ra7 29. Qe3 Rb7 30. Be2 Bxe2 31. Qxe2 Qd7 32. Ra1 Rc8 33. Ng1 Bf8 34. Nf3 Qc7 35. Bf2 Qd8 36. Qd3 Kg7 37. h3 Be7 38. Re1 Qf8 39. Rec1 Qe8 40. Bxh4 Bxh4 41. Nxh4 Qd8 42. Nf3 Ne7 43. Nfd4 Nbc6 44. Nb5 Ra8 45. Nd6 Rbb8 46. g4 Qh8 47. Rh2 Qh6 48. Rf1 Rh8 49. Rff2 Kg8 0-1

[Event "Belgrade Trophy 26th"]
[Site "Belgrade"]
[Date "2012.11.26"]
[Round "3"]
[White "Carnic, Srdjan"]
[Black "Djalovic, Velizar"]
[Result "1-0"]
[WhiteElo "2341"]
[BlackElo "2107"]
[PlyCount "131"]
[EventDate "2012.11.24"]
[EventType "swiss"]
[EventRounds "9"]
[EventCountry "SRB"]
[SourceTitle "CBM 151 Extra"]
[Source "ChessBase"]
[SourceDate "2012.12.18"]
[SourceVersion "1"]
[SourceVersionDate "2012.12.18"]
[SourceQuality "1"]

1. e4 d5 2. exd5 Qxd5 3. Nc3 Qd8 4. Bc4 Nf6 5. Nf3 e6 6. d4 Nbd7 7. 0-0 Be7 8. Qe2 Nb6 9. Bb3 0-0 10. Bg5 c6 11. Rfe1 h6 12. Bd2 Bd6 13. Rad1 a5 14. a4 Nbd5 15. Ne5 Qc7 16. Qf3 Nxc3 17. Bxc3 Bb4 18. Bxb4 axb4 19. Qg3 Nd5 20. Nd3 Qxg3 21. hxg3 b6 22. Bxd5 cxd5 23. b3 Bd7 24. Ra1 Rfc8 25. Nxb4 Ra5 26. Rec1 Kf8 27. Kf1 Ke7 28. Ke1 f6 29. Kd2 e5 30. c3 Kd6 31. Nc2 Rca8 32. Rab1 b5 33. axb5 Bxb5 34. Ne3 Bd7 35. Rb2 g6 36. c4 Ra2 37. Rxa2 Rxa2+ 38. Rc2 Rxc2+ 39. Nxc2 dxc4 40. bxc4 exd4 41. Nxd4 Bc8 42. Kd3 h5 43. Ne2 Ke5 44. Nf4 Kf5 45. Ke3 g5 46. Nxh5 Kg6 47. g4 f5 48. f4 fxg4 49. Ng3 Bb7 50. Ne4 Bc6 51. g3 gxf4+ 52. Kxf4 Bd7 53. Nf2 Kh5 54. c5 Bc8 55. c6 Kg6 56. Nxg4 Kf7 57. Ne5+ Ke6 58. g4 Kd6 59. g5 Ke6 60. Nd7 Kd6 61. g6 Ba6 62. Kf5 Bc4 63. Kf6 Bd3 64. Ne5 Be4 65. g7 Bh7 66. Kf7 1-0

[Event "SRB-chT quality"]
[Site "Belgrade"]
[Date "2010.10.16"]
[Round "3"]
[White "Jocic, Slavoljub"]
[Black "Djalovic, Velizar"]
[Result "1-0"]
[WhiteElo "2246"]
[BlackElo "2165"]
[PlyCount "52"]
[EventDate "2010.10.09"]
[EventType "team-tourn"]
[EventRounds "11"]
[EventCountry "YUG"]
[SourceTitle "EXT 2011"]
[Source "ChessBase"]
[SourceDate "2010.11.26"]
[SourceVersion "1"]
[SourceVersionDate "2010.11.26"]
[SourceQuality "1"]

1. d4 d5 2. Nf3 Nf6 3. Bf4 e6 4. Nbd2 h6 5. e3 Bd6 6. Ne5 a6 7. Bd3 c5 8. c3 c4 9. Bc2 Nc6 10. Bg3 Qc7 11. f4 Ne7 12. e4 Nxe4 13. Nxe4 dxe4 14. Bxe4 Rb8 15. 0-0 0-0 16. Bh4 f6 17. Qh5 b5 18. Rae1 b4 19. Ng4 f5 20. Nxh6+ gxh6 21. Re3 Kh7 22. Rg3 Ng8 23. Bxf5+ exf5 24. Qg6+ Kh8 25. Re1 Bb7 26. Re7 Qxe7 1-0

[Event "Belgrade-chT Quality"]
[Site "Belgrade"]
[Date "2009.10.24"]
[Round "4"]
[White "Lalic, Mile"]
[Black "Djalovic, Velizar"]
[Result "0-1"]
[WhiteElo "2080"]
[BlackElo "2177"]
[PlyCount "34"]
[EventDate "2009.10.11"]
[EventType "team-tourn"]
[EventRounds "11"]
[EventCountry "YUG"]
[SourceTitle "CBM 133 Extra"]
[Source "ChessBase"]
[SourceDate "2010.01.05"]
[SourceVersion "1"]
[SourceVersionDate "2010.01.05"]
[SourceQuality "1"]

1. e4 c5 2. Nf3 b6 3. Bc4 e6 4. 0-0 Bb7 5. d3 g6 6. Nc3 a6 7. a3 Bg7 8. Bg5 Ne7 9. Qd2 h6 10. Bf4 d6 11. Rad1 Nbc6 12. Rfe1 g5 13. Bg3 Ng6 14. h3 0-0 15. Ba2 b5 16. Qc1 Kh7 17. Re2 Rc8 0-1

[Event "Belgrade-ch"]
[Site "Belgrade"]
[Date "2009.01.26"]
[Round "3"]
[White "Danojlic, Petar"]
[Black "Djalovic, Velizar"]
[Result "0-1"]
[WhiteElo "1895"]
[BlackElo "2175"]
[PlyCount "100"]
[EventDate "2009.01.24"]
[EventType "swiss"]
[EventRounds "9"]
[EventCountry "YUG"]
[SourceTitle "CBM 128 Extra"]
[Source "ChessBase"]
[SourceDate "2009.03.05"]
[SourceVersion "2"]
[SourceVersionDate "2009.03.25"]
[SourceQuality "1"]

1. Nf3 d5 2. e4 dxe4 3. Ng5 Nf6 4. Nc3 e6 5. Ngxe4 Be7 6. Be2 0-0 7. 0-0 Nc6 8. Nxf6+ Bxf6 9. Ne4 Be7 10. c3 f5 11. Ng3 e5 12. f4 Bd6 13. Bc4+ Kh8 14. d3 g6 15. b4 Qh4 16. Ne2 exf4 17. Nxf4 Qf6 18. d4 Bd7 19. Qd2 Rae8 20. Nd5 Qg7 21. Qh6 Ne7 22. Bg5 Nxd5 23. Bxd5 c6 24. Bb3 Be6 25. Bf4 Bxf4 26. Qxf4 Bxb3 27. axb3 a6 28. Rae1 Kg8 29. Qd6 Qf7 30. c4 Rd8 31. Qf4 Rd7 32. Qe5 Rfd8 33. Rf4 Qg7 34. Qe6+ Kf8 35. Re5 Rf7 36. Re3 Rf6 37. Qe5 Rfd6 38. Qxg7+ Kxg7 39. Rd3 Kf6 40. Rh4 h5 41. Kf2 Kg5 42. g3 Kf6 43. Ke3 Re8+ 44. Kd2 Rde6 45. d5 Re2+ 46. Kc3 cxd5 47. cxd5 b5 48. Kd4 Rc8 49. h3 g5 50. d6 gxh4 0-1

[Event "MNT-chT 2nd League"]
[Site "Podgorica"]
[Date "2008.10.18"]
[Round "6.3"]
[White "Anastasijevic, Marko"]
[Black "Djalovic, Velizar"]
[Result "1-0"]
[WhiteElo "1806"]
[BlackElo "2179"]
[PlyCount "59"]
[EventDate "2008.09.06"]
[EventType "team-tourn"]
[EventRounds "7"]
[EventCountry "MNE"]
[SourceTitle "EXT 2020"]
[Source "ChessBase"]
[SourceDate "2019.10.17"]
[SourceVersion "1"]
[SourceVersionDate "2019.10.17"]
[SourceQuality "1"]

1. e4 d5 2. exd5 Qxd5 3. Nc3 Qd8 4. d4 Nf6 5. Bc4 a6 6. Bg5 e6 7. Nf3 h6 8. Bxf6 Qxf6 9. Qe2 Bb4 10. 0-0 Bxc3 11. bxc3 0-0 12. Ne5 Nd7 13. f4 Nb6 14. Bd3 g6 15. c4 Rd8 16. c3 Nd7 17. c5 h5 18. Rab1 Nf8 19. Be4 Ra7 20. Qf3 c6 21. Qg3 Ra8 22. Rb2 Kg7 23. Rbf2 Nh7 24. f5 h4 25. Qg4 exf5 26. Bxf5 Qg5 27. Bxc8 Raxc8 28. Rxf7+ Kg8 29. Qe6 Nf8 30. Rxf8+ 1-0

[Event "Belgrade Trophy 20th"]
[Site "Belgrade"]
[Date "2007.11.27"]
[Round "6"]
[White "Mrsevic, Miroslav"]
[Black "Djalovic, Velizar"]
[Result "1-0"]
[WhiteElo "2313"]
[BlackElo "2173"]
[PlyCount "90"]
[EventDate "2007.11.22"]
[EventType "swiss"]
[EventRounds "9"]
[EventCountry "YUG"]
[SourceTitle "CBM 121 Extra"]
[Source "ChessBase"]
[SourceDate "2008.01.10"]
[SourceVersion "1"]
[SourceVersionDate "2008.01.10"]
[SourceQuality "1"]

1. e4 d5 2. exd5 Qxd5 3. Nc3 Qd8 4. d4 e6 5. g3 Nf6 6. Bg2 Bb4 7. Nge2 0-0 8. 0-0 Nc6 9. h3 h6 10. Be3 Ne7 11. a3 Bd6 12. Nb5 Nf5 13. Nxd6 cxd6 14. Bc1 d5 15. b3 b6 16. Bb2 Ba6 17. Re1 Rc8 18. Nf4 Rc7 19. a4 Qd7 20. a5 b5 21. Nd3 Rb8 22. Nc5 Qc6 23. b4 Re8 24. Bc1 Rce7 25. Bf4 Nd6 26. g4 Nh7 27. h4 g5 28. hxg5 hxg5 29. Bg3 Bc8 30. Ra3 a6 31. f4 f5 32. Rc3 Nc4 33. fxg5 Nxg5 34. Bh4 Ne4 35. Nxe4 fxe4 36. Bxe7 Rxe7 37. Rh3 Rg7 38. Bf1 e5 39. Rg3 exd4 40. Qxd4 Qd6 41. Kg2 Qe6 42. Bxc4 bxc4 43. g5 Bb7 44. c3 Qg6 45. Qf6 Qe8 1-0

[Event "Belgrade Spring op"]
[Site "Belgrade"]
[Date "2003.03.28"]
[Round "4"]
[White "Jovanovic, Sasa T"]
[Black "Djalovic, Velizar"]
[Result "1-0"]
[WhiteElo "2297"]
[BlackElo "2158"]
[PlyCount "123"]
[EventDate "2003.03.25"]
[EventType "swiss"]
[EventRounds "9"]
[EventCountry "YUG"]
[SourceTitle "CBM 093 Extra"]
[Source "ChessBase"]
[SourceDate "2003.05.09"]
[SourceVersion "1"]
[SourceVersionDate "2003.05.09"]
[SourceQuality "1"]

1. Nf3 d5 2. d4 Nf6 3. c4 e6 4. g3 Be7 5. Bg2 c6 6. Qc2 0-0 7. 0-0 h6 8. Nbd2 b6 9. e4 Bb7 10. Rd1 Nbd7 11. h3 Rc8 12. e5 Nh7 13. cxd5 cxd5 14. Qa4 a5 15. Nf1 Ba6 16. Bd2 Rc4 17. Qb3 b5 18. a4 b4 19. Ne3 Rc6 20. Rdc1 Qb6 21. Rxc6 Qxc6 22. Rc1 Qb6 23. Bf1 Bxf1 24. Kxf1 Ng5 25. Nxg5 Bxg5 26. Qd3 f5 27. f4 Be7 28. Ke2 Nb8 29. Qb5 Qxb5+ 30. axb5 Bd8 31. Kd3 Bb6 32. b3 Kf7 33. Nd1 Nd7 34. Nb2 Rb8 35. Na4 Bd8 36. g4 g6 37. gxf5 gxf5 38. Rc6 Rxb5 39. Rc8 Rb8 40. Rc6 Nb6 41. Nc5 Be7 42. Rc7 Rg8 43. Be1 Ke8 44. Rc6 Rg1 45. Rxb6 Rxe1 46. Nxe6 Kd7 47. Ng7 Rd1+ 48. Kc2 Rxd4 49. Rb7+ Kc6 50. Rxe7 Rxf4 51. Ne6 Rh4 52. Rc7+ Kb6 53. Rd7 Rxh3 54. Rd6+ Kb7 55. Rxd5 Kb6 56. Nd4 f4 57. e6 Re3 58. Rf5 Re4 59. Kd3 Re3+ 60. Kc4 Rc3+ 61. Kd5 a4 62. e7 1-0